Normal view
MARC view
- Nafla. K
Entry Personal Name
001 - CONTROL NUMBER
- control field: 3336
003 - CONTROL NUMBER IDENTIFIER
- control field: OSt
005 - DATE AND TIME OF LATEST TRANSACTION
- control field: 20180925141900.0
008 - FIXED-LENGTH DATA ELEMENTS
- fixed length control field: 180925|| aca||aabn | a|a d
040 ## - CATALOGING SOURCE
- Original cataloging agency: OSt
- Transcribing agency: OSt
100 ## - HEADING--PERSONAL NAME
- Personal name: Nafla. K
670 ## - SOURCE DATA FOUND
- Source citation: Work cat.: (OSt)15481: Nafla. K Navaneeth B.S, performance evaluation of a subsurface flow constructed wetland, 2018
